000 00459 a2200169 4500
003 OSt
005 20240111142820.0
008 240111b |||||||| |||| 00| 0 eng d
020 _a9789382581215
040 _coclc
082 _a297
_bAKB/F
100 _aAkbar, M M
_92026
245 _aFascisathodu mughamugham /
_cM M Akbar
260 _aKerala:
_bDa'wa books,
_c2017.
300 _a224p
942 _2ddc
_cBK
_h297
_iAKB/F
_k297
_mAKB/F
999 _c43129
_d43129